Statistics for Famous Japanese and Korean People

Click here to take the quiz!

General Stats

  • This quiz has been taken 27 times
    (7 since last reset)
  • The average score is 10 of 24

Answer Stats

CluePerson% Correct
Wife of John LennonYoko Ono
100%
"Gangnam Style" rapperPSY
100%
Boy group that is the best-selling
Korean act of all time
BTS
83%
Emperor during the World War IIHirohito
83%
North Korean leadersKim {Jong}-{un}
83%
"Queen of Figure Skating"Kim {Yuna}
67%
North Korean leadersKim {Jong}-{il}
67%
Singer of "Bubble Pop!"Hyuna
50%
Former General-Secretary of
the United Nations
Ban Ki-Moon
50%
Current Prime Minister of JapanShinzo Abe
50%
Creator of "Spirited Away"Hayao Miyazaki
50%
Prime Minister who ordered the
Pearl Harbor attack
Hideki Tōjō
50%
North Korean leadersKim {il}-{sung}
50%
Director of "Parasite"Bong Joon-ho
33%
Facebook legend who played
Sulu on "Star Trek"
George Takei
17%
Emperor who abdicated in 2019Emperor Akihito
17%
Author of "Norwegian Wood"Haruki Murakami
17%
"Great" king of Joseon dynasty
depicted in Civilization 5
Sejong the Great
17%
Greatest Asian football playerPark Ji-sung
17%
Director of "Seven Samurai"Akira Kurosawa
0%
Prime Minister who deployed
Japanese troops in Iraq
Junichiro Koizumi
0%
Seattle Mariner; 2001-12, 18-19Ichiro Suzuki
0%
Star of "The Last Samurai"
and "Inception"
Ken Watanabe
0%
Self-proclaimed religious messiah
who died in 2012
Sun Myung Moon
0%

Score Distribution

Percentile by Number Answered

Percent of People with Each Score

Your Score History

You have not taken this quiz since the last reset